00248nam a2200085Ia 4500008004100000100002800041245004300069260004200112300000800154201210s9999 xx 000 0 und d aHarvard Business Review 0aProduction Management Series Part II. aBostonbHarvard Business School Press a158